| 000 | 00889nam a2200289Ia 4500 | ||
|---|---|---|---|
| 001 | Para_5872 | ||
| 003 | CHAP | ||
| 008 | 220125s1980 xx 000 0 und d | ||
| 010 | _a202653 | ||
| 040 | _cCHAP | ||
| 090 | _aPA TESIS 185 | ||
| 100 |
_aMartínez Ramírez, José Luis _972418 |
||
| 245 |
_aEl virus mancha anular del tabaco en soya (Glycine max Merr.) / _c por José Luis Martínez Ramírez |
||
| 260 |
_aChapingo, Méx. : _b el autor |
||
| 300 | _a54 h. | ||
| 502 | _aTesis (M.C. Esp. en Fitopatología) CP | ||
| 650 |
_aMancha anular del tabaco _970297 |
||
| 650 |
_aSoya _x enfermedades _9109044 |
||
| 710 |
_aColegio de Postgraduados. Centro de Fitopatología _9164783 |
||
| 901 | _aPA TESIS 185 | ||
| 902 | _aA | ||
| 905 | _a0000001980 ai 0000000000 00 | ||
| 910 | _a1980 | ||
| 942 | _cPARA | ||
| 942 |
_cPARA _d1 |
||
| 999 |
_c202653 _d202653 |
||